[Event "Central FO-ch"]
[Site "Gagarin"]
[Date "2009.05.03"]
[Round "4"]
[White "Andreev, Vitaliy"]
[Black "Kalashnikov, Viktor"]
[Result "1-0"]
[WhiteElo "2255"]
[BlackElo "2111"]
[PlyCount "61"]
[EventDate "2009.05.01"]
[EventType "swiss"]
[EventRounds "9"]
[EventCountry "RUS"]
[SourceTitle "CBM 130 Extra"]
[Source "ChessBase"]
[SourceDate "2009.07.02"]
[SourceVersion "2"]
[SourceVersionDate "2009.07.15"]
[SourceQuality "1"]

1. e4 c5 2. Nc3 Nc6 3. Bb5 a6 4. Bxc6 dxc6 5. d3 Nf6 6. f4 Qc7 7. Nf3 Bg4 8. h3 Bxf3 9. Qxf3 e6 10. Be3 0-0-0 11. 0-0-0 Be7 12. g4 b6 13. g5 Nd7 14. h4 Kb7 15. Rdf1 h5 16. Qh3 Rdf8 17. Rf2 f5 18. gxf6 Nxf6 19. Bd2 Ng4 20. Rf3 Rf7 21. Rhf1 Rhf8 22. Nd1 Qd8 23. Be1 Qd4 24. Qg3 a5 25. a3 a4 26. Nf2 g5 27. hxg5 e5 28. Nxg4 exf4 29. Qg2 hxg4 30. Qxg4 Qe5 31. g6 1-0

[Event "Obninsk"]
[Site "Obninsk"]
[Date "2008.03.02"]
[Round "11"]
[White "Kalashnikov, Viktor"]
[Black "Nozdrachev, Vladislav"]
[Result "0-1"]
[WhiteElo "2143"]
[BlackElo "2328"]
[PlyCount "80"]
[EventDate "2008.02.24"]
[EventType "tourn"]
[EventRounds "13"]
[EventCountry "RUS"]
[SourceTitle "CBM 123 Extra"]
[Source "ChessBase"]
[SourceDate "2008.05.06"]
[SourceVersion "1"]
[SourceVersionDate "2008.05.06"]
[SourceQuality "1"]

1. d4 Nf6 2. Nf3 e6 3. g3 b5 4. Bg2 Bb7 5. 0-0 c5 6. a4 b4 7. c4 Nc6 8. dxc5 Bxc5 9. Nbd2 0-0 10. Nb3 Be7 11. Nfd4 Qc8 12. Bf4 Nh5 13. Be3 Ne5 14. Bxb7 Qxb7 15. c5 f5 16. Nb5 f4 17. Bd4 Rf5 18. Na5 Qc8 19. e4 fxe3 20. f4 Nc6 21. Nxc6 dxc6 22. Nd6 Bxd6 23. cxd6 Rd5 24. Qf3 Rxd4 25. Qxh5 Qd7 26. Qe5 Qxd6 27. Qxe3 Rd2 28. Rf2 Rxf2 29. Kxf2 Rd8 30. Re1 Qd2+ 31. Re2 Qxe3+ 32. Kxe3 Rd5 33. Rc2 c5 34. g4 Kf7 35. Ke4 Ke7 36. h4 Kd6 37. h5 h6 38. Rg2 Rd4+ 39. Ke3 b3 40. g5 Rxa4 0-1

[Event "Obninsk"]
[Site "Obninsk"]
[Date "2008.02.27"]
[Round "6"]
[White "Balym, Pavel"]
[Black "Kalashnikov, Viktor"]
[Result "1/2-1/2"]
[WhiteElo "2163"]
[BlackElo "2143"]
[PlyCount "99"]
[EventDate "2008.02.24"]
[EventType "tourn"]
[EventRounds "13"]
[EventCountry "RUS"]
[SourceTitle "CBM 123 Extra"]
[Source "ChessBase"]
[SourceDate "2008.05.06"]
[SourceVersion "1"]
[SourceVersionDate "2008.05.06"]
[SourceQuality "1"]

1. d4 Nf6 2. c4 d6 3. Nc3 g6 4. e4 Bg7 5. Nf3 0-0 6. Be2 e5 7. d5 Nbd7 8. 0-0 a5 9. Qc2 Nh5 10. Rd1 h6 11. Rb1 Nc5 12. Ne1 Nf4 13. Be3 f5 14. Bxc5 dxc5 15. Nd3 Nxd3 16. Qxd3 Rf6 17. Bf3 f4 18. Qe2 h5 19. Rd3 Bf8 20. Rbd1 Bd7 21. a4 Bd6 22. b3 Kg7 23. Kf1 Qe7 24. Ke1 Qf7 25. Kd2 Kh6 26. h3 g5 27. Rh1 Rg8 28. Kc2 Be8 29. Nb5 Kg7 30. Rg1 Kf8 31. Nc3 Rh6 32. Nb1 Bd7 33. Rh1 Qg6 34. Qe1 g4 35. hxg4 hxg4 36. Rxh6 Qxh6 37. Be2 b6 38. Nc3 Qh2 39. Qf1 Ke7 40. Rd1 Rf8 41. f3 g3 42. Kb1 Rh8 43. Qg1 Qh4 44. Qe1 Kd8 45. Ka1 Be7 46. Kb1 Qh6 47. Qf1 Qg6 48. Ka1 Bh4 49. Qe1 Qg5 50. Qf1 1/2-1/2

[Event "Obninsk"]
[Site "Obninsk"]
[Date "2008.02.26"]
[Round "3"]
[White "Shkuran, Danylo"]
[Black "Kalashnikov, Viktor"]
[Result "1-0"]
[WhiteElo "2437"]
[BlackElo "2143"]
[PlyCount "71"]
[EventDate "2008.02.24"]
[EventType "tourn"]
[EventRounds "13"]
[EventCountry "RUS"]
[SourceTitle "CBM 123 Extra"]
[Source "ChessBase"]
[SourceDate "2008.05.06"]
[SourceVersion "1"]
[SourceVersionDate "2008.05.06"]
[SourceQuality "1"]

1. e4 c5 2. Nf3 d6 3. d4 cxd4 4. Nxd4 Nf6 5. Nc3 a6 6. g3 e5 7. Nde2 Nbd7 8. a4 b6 9. Bg2 Bb7 10. h3 Be7 11. g4 Nc5 12. Ng3 g6 13. Bh6 Ne6 14. Qd2 Qc7 15. 0-0 Bf8 16. Bxf8 Kxf8 17. Qh6+ Ke7 18. Nce2 Raf8 19. Qd2 Nc5 20. Qe3 Ne6 21. Ra3 Qc5 22. Qd2 Rc8 23. Rc3 Qa5 24. g5 Ne8 25. b4 Qxa4 26. Rxc8 Bxc8 27. Nc3 Qc6 28. Nd5+ Kd8 29. Ne2 N6c7 30. f4 Nxd5 31. exd5 Qc4 32. fxe5 Bf5 33. Nd4 dxe5 34. Nc6+ Kc7 35. Nxe5 Nd6 36. Nxc4 1-0